000 00820nam a22002177a 4500
008 150716b xxu||||| |||| 00| 0 alb d
020 _a9789951417198
041 0 _aalb
080 _a341:321
_x(496.51)
100 _aWeller, Marc
245 _aShtetësia e kontestuar :
_cMarc Weller ; [përktheu nga origjinali në anglisht Flaka Surroi].
250 _a2nd Edition
260 _aPrishtinë,
_bKoha,
_c2009.
300 _a528 f. ;
_c22 cm.
500 _aTituli i origjinalit : Contested statehood: the International Administration of Kosovo's Strugle for Independence
500 _aParathënie : f. 7-[10]
650 4 _aE drejta ndërkombëtare
650 4 _aKosova
_xPolitika dhe qeverisja
700 _aSurroi, Flaka
942 _2udc
_cBK
999 _c1127
_d1127